000 00504nam a22001697a 4500
003 MACL
005 20160311151950.0
008 160311b xxu||||| |||| 00| 0 eng d
040 _cMACL
041 _aHindi
082 _a891.433
100 _aप्रभाकर विष्‍णु
_91167
245 _aजिन्‍दगी एक रिहर्सल
260 _aनई दिल्‍ली
_bसृजन प्रकाशन
_c1986
650 _aNovel
_944991
942 _2ddc
_cHIN
999 _c53503
_d53503